[Event "2018 PHCC"]
[Site "PORT HURON"]
[Date "2018.02.01"]
[Round "1"]
[White "Jones, George"]
[Black "Boucher, Dave"]
[Result "1-0"]
[WhiteElo "1630"]
[BlackElo "1300"]
[Annotator "ALAN"]
[PlyCount "49"]
[EventDate "2018.??.??"]
[EventType "tourn"]
[EventRounds "7"]
[EventCountry "USA"]

1. d4 d6 2. Bf4 g6 3. Nf3 Bg7 4. e3 Nd7 5. c3 e5 6. dxe5 dxe5 7. Bg3 Nh6 ({
Relevant:} 7... Qe7 8. Na3 Nh6 9. Bh4 f6 10. Bc4 Nb6 11. Bb3 Nf5 12. e4 Nxh4
13. Nxh4 f5 14. Nf3 fxe4 15. Nd2 e3 16. fxe3 Qg5 17. O-O Bg4 18. Qe1 Bh6 19.
Bf7+ Ke7 20. Kh1 Bf5 21. Nf3 Qf6 22. Bb3 Bd3 23. Rf2 Rhf8 24. e4 Qf4 25. Rd1
Rad8 26. Bd5 Bxe4 27. Bxe4 Rxd1 28. Qxd1 Qxe4 29. Re2 Be3 30. Re1 Rd8 31. Qe2
Rd3 32. Nxe5 Rd6 33. Nec4 Re6 34. Qxe3 {1-0 (34) Cori Tello,J (2648)
-Movsziszian,K (2519) Vallfogona de Balague 2017}) 8. h3 O-O 9. Be2 Nf5 10. Bh2
Qe7 11. O-O c6 $146 ({Predecessor:} 11... Rd8 12. Qa4 Nc5 13. Qa3 f6 14. Bc4+
Kh8 15. Nbd2 e4 16. Nd4 Bf8 17. N2b3 c6 18. Nxc5 Qxc5 19. Qxc5 Bxc5 20. Rfd1
Bxd4 21. cxd4 Nd6 22. Bxd6 Rxd6 23. b4 a5 24. a3 Kg7 25. Kf1 f5 26. Ke1 Kf6 27.
Kd2 g5 28. Kc3 f4 29. exf4 gxf4 30. bxa5 Rxa5 31. Kb4 Rg5 32. Bf1 Rgd5 33. Be2
Rxd4+ 34. Rxd4 Rxd4+ 35. Kc3 Ke5 36. a4 Rd6 37. a5 Rg6 38. Bf1 Be6 39. a6 bxa6
40. Rxa6 Bd5 41. Ra7 {Kopinits,S-Mira,H (2148) Oberpullendorf 2002 0-1}) 12.
Qc2 Re8 13. e4 Nh4 14. Nbd2 Bh6 15. Nc4 Nxf3+ 16. Bxf3 Qg5 17. Nd6 Re6 18. Rad1
Rf6 19. Bg4 ({Komodo 10 64-bit:} 19. h4 Qxh4 20. Nxc8 Nf8 21. Bg3 Qg5 22. Nd6
Ne6 23. Nxb7 Rb8 24. Na5 Rxf3 25. gxf3 Qh5 26. Rfe1 Qh3 27. Qd3 Bf4 28. Qf1 Qh5
29. b3 Ng5 30. Nxc6 Nxf3+ 31. Kg2 Nxe1+ 32. Qxe1 Rf8 33. Rd6 Kg7 34. Qd1 Qxd1
35. Rxd1 Rc8 36. Bxf4 exf4 37. Rd6 a6) 19... Nb6 20. Nxc8 Nxc8 21. Rd8+ Kg7 22.
Rxc8 Rxc8 23. Bxc8 Rd6 24. Rd1 Qd8 25. Bxe5+ 1-0

[Event "2018 PHCC"]
[Site "PORT HURON"]
[Date "2018.01.23"]
[Round "1"]
[White "Muir, Josh"]
[Black "Rutkofske, Lonnie"]
[Result "0-1"]
[WhiteElo "1600"]
[BlackElo "1818"]
[Annotator "Alan"]
[PlyCount "94"]
[EventDate "2018.??.??"]
[EventType "tourn"]
[EventRounds "7"]
[EventCountry "USA"]

1. d4 f5 2. c4 e6 3. Nc3 Nf6 4. Nf3 b6 5. Bg5 Be7 6. e3 Bb7 7. Be2 ({Relevant:
} 7. Bd3 Ne4 8. Bxe4 fxe4 9. Bxe7 Qxe7 10. Nd2 O-O 11. O-O d5 12. cxd5 exd5 13.
Qb3 c6 14. Ncxe4 Ba6 15. Rfe1 Qf7 16. f3 dxe4 17. Qxf7+ Kxf7 18. Nxe4 Ke7 19.
a4 Bd3 20. Nc3 Na6 21. Rad1 Nb4 22. Rd2 Rfd8 23. Red1 Bc2 24. Ra1 a5 25. Kf2
Rd7 26. Ne2 Rad8 27. Ra3 c5 28. h4 c4 29. Ra1 Bb3 30. Nc3 Kf7 31. h5 h6 32. Re2
Re7 33. Rh1 Nd5 34. e4 Nxc3 35. bxc3 Bxa4 36. Ke3 Bb3 {Brizuela Abreu,R (2310)
-Palencia Morales,G (2256) Caracas 2015 0-1}) 7... O-O 8. O-O d6 9. Qb3 Kh8
$146 ({Predecessor:} 9... c5 10. dxc5 dxc5 11. Rfd1 Qc7 12. Nb5 Qc8 13. Bf4 a6
14. Nc7 Ra7 15. Qxb6 Nc6 16. Ne5 Bd8 17. Nxc6 Bxc6 18. Qxa7 Rf7 19. Qxc5 Bb7
20. Nxa6 Nd7 21. Qxc8 Bxc8 22. Nc5 Nxc5 23. Rxd8+ Rf8 24. Rxf8+ Kxf8 25. Bd6+ {
1-0 (25) Janiesch,M (1361)-Imas,D (1063) Willingen 2004}) 10. Rad1 Qe8 11. Bf4
Nh5 12. Bg5 Bxg5 13. Nxg5 h6 (13... Nf6) 14. Bxh5 Qxh5 15. Nxe6 Bxg2 $4 16. Nf4
{White should have a simple win} Qf3 17. Nxg2 Rf6 18. Nd5 Rg6 19. Ndf4 Rg5 20.
Qd3 (20. Rd3) (20. c5 Nd7 21. cxd6 cxd6 22. Rc1 Rd8 23. Qd1) 20... Nd7 21. Kh1
Nf6 {white now starts to make bad moves} 22. e4 (22. Qe2) 22... fxe4 23. Qxf3
exf3 24. Ne1 (24. Ne3 Re8 25. d5) 24... Rg4 25. Ne6 Re8 26. Nxc7 Re2 27. Nxf3
Ne4 28. h3 (28. c5 bxc5 29. dxc5 Nxc5 30. Rd2 Rxd2 31. Nxd2) 28... Rg6 29. Rde1
(29. Nh4 Rf6 30. Rde1 Nxf2+ 31. Kg2 Rxb2 32. Ne8 Ne4+ 33. Kg1 Rxf1+ 34. Rxf1
Rxa2 35. Re1 Ng5) 29... Nxf2+ 30. Rxf2 Rxf2 31. Nh4 Rg3 32. Re4 (32. Re8+ Kh7
33. Ne6 h5 34. Re7 Rxb2 35. Nf5 Rxh3+ 36. Kg1 Rc3 37. Rxg7+ Kh8 38. Rg2 Rxg2+
39. Kxg2) 32... Rxb2 33. a3 Rxh3+ (33... Rxa3 34. Ng6+ Kh7 35. Nf8+ Kg8) 34.
Kg1 Rxa3 35. Ng6+ Kh7 36. Nf8+ Kg8 37. Rf4 Ra1+ 38. Rf1 Rxf1+ 39. Kxf1 Kxf8 40.
Nb5 a5 41. Nxd6 a4 42. Nb5 h5 43. Na3 h4 44. d5 Ke8 45. Kg1 Rb3 46. Nb5 Rxb5
47. cxb5 a3 0-1

[Event "2018 PHCC"]
[Site "PORT HURON"]
[Date "2018.01.11"]
[Round "1"]
[White "Wingrove, William"]
[Black "Morabito, Matt"]
[Result "1-0"]
[WhiteElo "1579"]
[BlackElo "1848"]
[Annotator "Lon Rutkofske"]
[PlyCount "45"]
[EventDate "2018.??.??"]
[EventType "tourn"]
[EventRounds "7"]
[EventCountry "USA"]

1. e4 c5 2. Nf3 Nc6 3. d4 cxd4 4. Nxd4 g6 5. Nc3 Bg7 6. Be3 Nf6 7. f3 O-O 8.
Qd2 d6 9. Bc4 Bd7 10. O-O-O a6 (10... Rc8) 11. h4 Rc8 12. Bb3 b5 ({Relevant:} 
12... Na5 13. h5 Nc4 14. Bxc4 Rxc4 15. g4 b5 16. hxg6 fxg6 17. Bh6 Bxh6 18.
Qxh6 Rf7 19. e5 dxe5 20. Ne6 Qc8 21. Ng5 Rg7 22. Rh2 Rd4 23. Re1 Qc4 24. Kb1
Bc6 25. Rhe2 b4 26. Nce4 Qxe2 {0-1 (26) Ciganovic,N (2235)-Muskardin,M (2278)
Bol 2015}) 13. h5 Nxh5 (13... Ne5) 14. g4 Nxd4 15. Bxd4 Bxd4 16. Qxd4 {Diagram
[#]} Nf6 17. Qd2 $146 ({Predecessor:} 17. Qe3 Rxc3 18. Qxc3 Qc8 19. Qxc8 Bxc8
20. g5 Nd7 21. Rh2 Kg7 22. f4 Nc5 23. Bd5 Bg4 24. Rd4 f6 25. Rh4 Bd7 26. gxf6+
Rxf6 27. Rd2 h5 28. e5 dxe5 29. b4 Na4 30. Bb3 Bg4 31. Bxa4 bxa4 32. fxe5 Rf4
33. a3 g5 34. Rhh2 Rf1+ 35. Kb2 h4 36. Rd5 Bf5 37. Rc5 h3 38. Rc7 g4 39. Rxe7+
Kg6 40. Re8 Kf7 41. Rh8 g3 42. e6+ Kxe6 43. Re2+ Kf7 44. Ree8 g2 45. Ref8+ Ke6
46. Rfg8 Ke5 {O'Brien,G (1326)-Ederer,K (2083) LSS email 2012 0-1}) 17... Bxg4
$4 {[The losing move! Black needs to get rid of the B at b3, but to sacrifice
his B for three pawns in the vain hope of endgame glory is hardly a sound plan
at this point in the game, playing squarely into the theme of the Yugoslav
attack by clearing the files for White's Rooks. Black appears oblivious to the
dangers of White's looming K-side onslaught. In a way...it is kind of poetic
justice , that Matt's rather arrogant taunt challenging his opponent to make
good on his attack quickly cost him the game!]} 18. fxg4 $4 Nxg4 19. Qg5 Qd7
20. Rdg1 Nf6 21. Qh6 e6 22. Rf1 Nh5 23. Rxh5 1-0

[Event "2018 PHCC"]
[Site "PORT HURON"]
[Date "2018.01.11"]
[Round "1"]
[White "Bedy, Noel"]
[Black "Gregg, Alan"]
[Result "0-1"]
[WhiteElo "1504"]
[BlackElo "1948"]
[Annotator "Lon Rutkofske"]
[PlyCount "129"]
[EventDate "2018.??.??"]
[EventType "tourn"]
[EventRounds "7"]
[EventCountry "USA"]

1. d4 g6 2. Nf3 d6 3. Nbd2 Bg7 4. e4 c6 5. c3 Nf6 6. Bd3 O-O 7. O-O Nbd7 8. Re1
e5 9. dxe5 ({Relevant:} 9. a4 Re8 10. a5 exd4 11. cxd4 Nf8 12. h3 Ne6 13. Nf1
Nh5 14. Be3 Nef4 15. Bb1 c5 16. Ra3 cxd4 17. Bxd4 Bxd4 18. Qxd4 Qf6 19. N1d2
Be6 20. Qxf6 Nxf6 21. Nd4 d5 22. Kh2 Rad8 23. e5 Nd7 24. g3 Nh5 25. f4 Nb8 26.
Rc3 Na6 27. N2b3 Bd7 28. Nc5 Nxc5 29. Rxc5 Ng7 30. Rd1 Ne6 31. Rxd5 Ba4 32.
Nxe6 Rxd5 33. Rxd5 Rxe6 34. Rd4 Bc6 35. Kg1 Kg7 36. Kf2 f6 37. Rd6 Rxd6 38.
exd6 Kf7 {Evdokimov,A (2495)-Yuffa,D (2534) Sochi 2016 1-0 (65)}) 9... dxe5 10.
a4 $146 ({Predecessor:} 10. Qc2 Qc7 11. a4 a5 12. b4 Nb6 13. Nc4 Nxc4 14. Bxc4
Bg4 15. Nd2 Nh5 16. Bf1 Rfd8 17. Nc4 axb4 18. cxb4 Bf8 19. Be3 Bxb4 20. h3 Be6
21. Bb6 Qe7 22. Bxd8 Rxd8 23. Red1 Nf4 24. Rxd8+ Qxd8 25. Rb1 Bc5 26. Nxe5 b6
27. Nd3 Nxd3 28. Qxd3 Qf6 29. Qc2 Qe5 30. Bc4 Bxc4 31. Qxc4 h5 32. Rc1 Bd6 33.
Qxc6 Qh2+ 34. Kf1 Bc5 35. Rxc5 bxc5 36. a5 Qh1+ 37. Ke2 Qc1 38. a6 c4 39. Qb5
Qa3 {De Santis,A (2270)-Czebe,A (2430) Budapest 1995 1-0}) 10... b6 11. b4 Qc7
12. Ba3 Bb7 13. Bc4 c5 14. b5 Rad8 15. Qc2 Rfe8 16. Rad1 Nf8 17. Ba2 h6 18. Bb1
Bc8 19. h3 Be6 20. Ba2 Nh5 21. Bxe6 Nxe6 22. Nc4 Nhf4 23. Ne3 Kh7 24. Kh2 Qc8
25. Rxd8 Rxd8 26. Rd1 Nc7 27. Nd2 Rd7 28. Ndc4 Qd8 29. Rxd7 Qxd7 30. Qd2 Qxd2
31. Nxd2 Bf8 32. Ndc4 f6 33. g3 Nfe6 34. Nd5 Kg7 35. Nce3 Kf7 36. Kg2 Ne8 37.
Nc4 Nd6 {Diagram [#]} 38. Nxd6+ {[An interesting thought would be 38.Ncb6?!,
ab6 39.Nb6 with a pair of connected passed pawns heading for queening squares!)
} (38. Ncxb6 axb6 39. Nxb6 Nxe4 40. c4 Bd6 41. Nd5 Nd2 42. a5 (42. Nb6 Bc7 43.
Nd5) 42... Nxc4 43. a6 Bb8 44. b6 Nxb6 45. Nxb6 Nc7) 38... Bxd6 39. h4 Nd8 40.
Kf3 Nb7 41. Ne3 h5 42. Ke2 Ke6 43. c4 $2 {[This move seems to lock the positon,
make the c-pawn a target, and prevent using the c4 square open to his N....a
better plan may have been 43. Bc1 focusing on repositoning his B to a better
square like d2 to shore up his defenses and help out on the Q-side! At this
point, Alan has little counterplay and this position is very drawish, which
isn't in Alan's plan. He admits that he was attempting to provoke
complications hoping to gain time and capitalize on his strong endgame play.]}
Na5 44. Kd3 f5 45. Nd5 $4 {Diagram [#] [ Ceding a central pawn is not the way
to a drawn position, the text, while not immediately losing, makes a draw more
difficult, although not fatal! Best was the simple 45.f3 ...but had he
repositioned his B to c1 earlier the threat of f4 would not loom as large.]}
fxe4+ 46. Kc3 Be7 (46... e3 47. Nxe3 e4 48. Bc1 Be5+ 49. Kc2 Bd4 50. Bd2 Bxe3
51. Bxe3 Nxc4) 47. Bc1 Bd8 {Diagram [#][Alan chooses a perfect defensive spot
for his B, and now can proceed to penetrate the K-side with his K as now
White's pieces become over burdened. I think White's plan must include
unraveling his pieces and by Bh6 and returning his N to e3 to prevent the
incursion of the Black K.]} 48. Be3 $2 {[Bh6 was essential here, because the K
cannot penetrate and once the N returns to e3. At this point the extra pawn on
e4 is rather a liability and all white needs to do is shuffle his B or K to
claim the draw!]} Nb7 49. Kb3 Nd6 50. Bc1 Nf5 51. Be3 Nd4+ 52. Kc3 Kf5 53. Kd2
Kg4 54. Nc3 Kf5 (54... Kf3) 55. Nd5 g5 {mistake} 56. hxg5 Nf3+ 57. Ke2 Bxg5 {
Diagram [#][Most observers viewed this as an error by Alan and almost ensured
a draw. If 58.Bg5 Kg5 59.Ke3 holds and now Black has to worry about his a and
b pawns. If 58 Ng5 then Ne7+ permits the White N access to c6 which is deadly!]
} 58. Nc3 Nd4+ 59. Kd2 Bd8 {Diagram [#] [With best play, white should be able
to hold on to a draw.]} 60. Nd5 Nb3+ 61. Kc3 Na5 62. Bd2 Kg4 63. Be1 $4 {
[Effectively dooming his B to passivity, the simple 63. Be3 still holds. ]} (
63. Be3 Kf3 64. Bh6 Kxf2 65. Bg7 e3 66. Nxe3) 63... Kf3 64. Ne3 Bg5 65. Kd2 $4
{[Just a time control blunder, since Noel was down to less than three minutes
at this point in the game. A nicely played game by Noel, who always seems to
give Alan fits! But again, Alan managed to use his experience and endgame
prowess to secure the victory!]} 0-1

[Event "2018 PHCC"]
[Site "PORT HURON"]
[Date "2018.01.18"]
[Round "2"]
[White "Boucher, Dave"]
[Black "Bedy, Noel"]
[Result "1-0"]
[WhiteElo "1300"]
[BlackElo "1504"]
[Annotator "Alan"]
[PlyCount "69"]
[EventDate "2018.??.??"]
[EventType "tourn"]
[EventRounds "7"]
[EventCountry "USA"]

1. e4 b6 2. d4 Bb7 3. Nc3 e6 4. Nf3 Bb4 5. e5 ({Relevant:} 5. Bd3 Nf6 6. Qe2 d5
7. exd5 Qxd5 8. O-O Bxc3 9. bxc3 Nbd7 10. c4 Qh5 11. Bf4 Rc8 12. a4 a5 13. Rab1
O-O 14. Rb5 c5 15. dxc5 Rxc5 16. Bd6 Rxb5 17. cxb5 Rc8 18. c4 Nc5 19. Bc2 Nce4
20. Bf4 Nc3 21. Qd3 Qg4 22. Be5 Qxc4 23. Qxc4 Rxc4 24. Bd3 Rc8 25. Ra1 Nfd5 26.
Nd2 f6 27. Bd6 Nb4 28. Bc4 Bd5 29. Bf1 Nba2 {0-1 (29) Eljanov,P (2734)-Carlsen,
M (2827) Douglas 2017}) 5... Ne7 6. Bg5 d6 7. Bb5+ $146 ({Predecessor:} 7. a3
Bxc3+ 8. bxc3 O-O 9. c4 Nd7 10. exd6 cxd6 11. Bd3 f6 12. Bh4 Qe8 13. Qe2 e5 14.
c3 Ng6 15. d5 Nf4 16. Qe4 Nxd3+ 17. Kd2 N7c5 18. Qe3 Nb2 19. Qe2 Ba6 20. Kc1
Nxc4 21. Qc2 Qh5 22. h3 Qh6+ 23. Kd1 e4 24. Nd4 Qxh4 {0-1 (24) Michel,I (1540)
-Allard,S (1690) France 2004}) 7... c6 8. Bd3 dxe5 9. Nxe5 Nd7 10. Qh5 Nxe5 11.
dxe5 Qc7 12. O-O Bxc3 13. bxc3 h6 14. Rfe1 O-O-O 15. Be3 g6 16. Qe2 (16. Qf3)
16... Qxe5 17. Qf3 Rxd3 18. cxd3 Qf5 19. Qd1 Rd8 20. d4 h5 21. Bc1 Qg4 22. f3
Qh4 23. Re5 Nf5 24. Bd2 Rd5 25. f4 (25. Rxd5 $142 exd5) 25... Rxe5 26. fxe5 Qd8
27. Qc1 Qd5 28. Qf1 c5 29. dxc5 Qxc5+ (29... Qxd2) 30. Kh1 Qxe5 (30... Nh4) 31.
Rd1 Nh4 32. Bf4 (32. Qc4+ {winning}) 32... Bxg2+ (32... Qe4 33. Bg5 Qxg2+ 34.
Qxg2 Bxg2+ 35. Kg1 Nf3+ 36. Kxg2 Nxg5) 33. Qxg2 Qxf4 34. Qc6+ Qc7 35. Qe8+ 1-0

[Event "2018 PHCC"]
[Site "PORT HURON"]
[Date "2018.01.18"]
[Round "2"]
[White "Gregg, Alan"]
[Black "Wingrove, William"]
[Result "1-0"]
[WhiteElo "1948"]
[BlackElo "1579"]
[Annotator "Alan"]
[PlyCount "83"]
[EventDate "2018.??.??"]
[EventType "tourn"]
[EventRounds "7"]
[EventCountry "USA"]

1. d4 Nf6 2. Bf4 g6 3. Nc3 d5 4. e3 Bg7 5. h4 ({Relevant:} 5. Nf3 O-O 6. Be2 c5
7. O-O cxd4 8. exd4 Bg4 9. h3 Bxf3 10. Bxf3 Nc6 11. Ne2 b5 12. c3 e6 13. a3 a5
14. Nc1 b4 15. a4 Ne4 16. Bxe4 dxe4 17. Nb3 e5 18. dxe5 bxc3 19. bxc3 Nxe5 20.
Bxe5 Bxe5 21. Rc1 Qg5 22. Qe2 e3 23. fxe3 Rae8 24. Rf3 Bc7 25. Nd4 Re4 26. Rcf1
Qe5 27. Qd3 Re8 28. Kf2 Qg5 29. Rb1 Qh4+ 30. Kf1 Qg5 31. Rb5 Qe7 32. Rb7 Qc5
33. Nb5 R4e7 34. c4 Be5 {Carlsen,M (2837)-Ding,L (2774) Saint Louis 2017 1/2-1/
2 (85)}) 5... h5 6. Nf3 Bf5 7. Bd3 Bxd3 8. Qxd3 Nc6 $146 ({Predecessor:} 8...
c6 9. Ne5 Nbd7 10. f3 Nxe5 11. Bxe5 Qb6 12. O-O-O O-O-O 13. Kb1 Ne8 14. Bxg7
Nxg7 15. e4 e6 16. Na4 Qa5 17. Nc5 Ne8 18. c4 b6 19. Nb3 Qa6 20. Rc1 Nd6 21.
Nd2 Kb7 22. Rhd1 Rd7 23. b3 Rhd8 24. Qc3 Rc8 25. Qb4 c5 26. dxc5 Rxc5 27. e5
Nf5 28. Ne4 Rcc7 29. c5 Qa5 30. Nd6+ Ka6 31. Qxa5+ Kxa5 32. g4 Nxh4 33. c6 Re7
34. gxh5 Nxf3 35. h6 Ng5 36. Rd4 b5 37. Rg4 Nh7 38. a4 {Salomon,J (2498)
-Gullaksen,E (2366) Norway 2017 1-0}) 9. Ne5 Nxe5 10. dxe5 (10. Bxe5) 10... Ng4
11. Qxd5 Qxd5 (11... Nxe5 $142 12. Bxe5 Qxd5 13. Nxd5 Bxe5 14. O-O-O $11) 12.
Nxd5 Rc8 13. e6 fxe6 14. Nc3 O-O 15. Ne4 b6 16. f3 Ne5 17. O-O-O Rfd8 18. Ng5
Nc4 19. Rxd8+ Rxd8 20. b3 e5 21. Ne6 Rc8 (21... Rd6 $142 22. Nxg7 exf4 23. bxc4
fxe3 24. c5 bxc5 25. Ne8 Rc6 26. Re1 Kf7 27. Nxc7 Rxc7 28. Rxe3 $11) 22. Bg5
Nd6 (22... Bf6 $142 23. bxc4 Kf7 24. Bxf6 exf6 25. Nd4 exd4 26. exd4 Rd8 27. c3
Re8 28. Kd2 {this would have given Bill a chance to save game I am still a
pawn up but not easy to win Alan}) 23. Nxg7 Kxg7 24. Bxe7 Re8 25. Bxd6 cxd6 26.
Rd1 Rd8 27. c4 Kf6 28. Rd5 Ke6 29. Kd2 Rg8 30. f4 exf4 31. exf4 Rf8 32. Ke3 a6
33. Rg5 Rf6 34. Ke4 Kd7 35. g3 Re6+ 36. Kd4 Ke7 37. a4 Re1 $2 38. Rxg6 Rb1 39.
Kc3 Rg1 40. Rg5 Kf6 41. Kb4 Rb1 42. Rxh5 1-0

[Event "2018 PHCC"]
[Site "PORT HURON"]
[Date "2018.01.18"]
[Round "2"]
[White "Rutkofske, Lonnie"]
[Black "Jones, George"]
[Result "1-0"]
[WhiteElo "1818"]
[BlackElo "1630"]
[Annotator "Alan"]
[PlyCount "79"]
[EventDate "2018.??.??"]
[EventType "tourn"]
[EventRounds "7"]
[EventCountry "USA"]

1. e4 c6 2. Nc3 d5 3. Nf3 g6 4. d4 Bg7 5. Be3 dxe4 6. Nxe4 Be6 ({Relevant:} 
6... Nd7 7. Bc4 Nh6 8. Qe2 Nb6 9. Bb3 Nf5 10. O-O-O a5 11. a3 a4 12. Ba2 Nd5
13. Bd2 b5 14. g4 Nd6 15. Ne5 Bxe5 16. dxe5 Nxe4 17. Qxe4 Be6 18. h3 Qb6 19.
Rhf1 h5 20. Kb1 hxg4 21. hxg4 O-O-O 22. Be3 Qb7 23. Bc5 Rh4 24. f3 Rdh8 25. Qd4
Rh2 26. Rd2 R2h3 27. c4 Rh1 28. Rfd1 bxc4 29. Bxc4 R8h3 30. Qd3 Kd7 31. Rxh1
Rxh1+ 32. Rd1 Rh2 33. Rd2 Rh1+ 34. Rd1 Rh2 35. Rd2 {1/2-1/2 (35) Kryvoruchko,Y
(2679)-Bologan,V (2695) Germany 2012}) 7. Be2 Nf6 8. Nxf6+ exf6 9. Qd2 O-O 10.
c4 Re8 11. O-O Bg4 $146 ({Predecessor:} 11... Nd7 12. d5 cxd5 13. cxd5 Bg4 14.
Rfd1 f5 15. Rac1 Nf6 16. h3 Bh5 17. d6 Ne4 18. Qd5 Bxb2 19. Rc7 Nxd6 20. Qxd6
Qxd6 21. Rxd6 Bxf3 22. Bxf3 Be5 23. Rdd7 Bxc7 24. Rxc7 Re5 25. Rxb7 a5 26. Rd7
Rae8 27. Bg5 {1-0 (27) Pridal,O (2171)-Svancara,P (2239) Czechia 2006}) 12. h3
Bxf3 13. Bxf3 Nd7 14. Rfd1 Nb6 15. Qc2 Rc8 16. a4 Qe7 17. a5 Nd7 18. Qa4 a6 19.
Re1 f5 20. Rad1 Qh4 21. c5 f4 (21... Nxc5 22. Qb4 Ne6 23. g3 Qe7 24. Qb6 $11)
22. Bc1 Qf6 23. Rxe8+ Rxe8 24. Qb4 Rb8 25. Bg4 Nf8 26. Bf3 g5 27. d5 cxd5 28.
Bxd5 Qe7 29. Re1 Ne6 30. Qc4 Re8 31. b4 Bf8 (31... Qd7) 32. Bd2 Qd7 33. Bc3 Qb5
34. Qxb5 axb5 35. Bxb7 Nc7 36. Rxe8 Nxe8 37. a6 Bg7 38. Bxg7 Kxg7 39. a7 Nc7
40. a8=Q 1-0

[Event "2018 PHCC"]
[Site "PORT HURON"]
[Date "2018.01.18"]
[Round "2"]
[White "Morabito, Matt"]
[Black "Muir, Josh"]
[Result "1-0"]
[WhiteElo "1848"]
[BlackElo "1600"]
[Annotator "Alan"]
[PlyCount "72"]
[EventDate "2018.??.??"]
[EventType "tourn"]
[EventRounds "7"]
[EventCountry "USA"]

1. Nf3 c5 2. g3 g6 3. Bg2 Bg7 4. O-O e6 ({Relevant:} 4... Nc6 5. e4 d6 6. d3 e5
7. c3 Nge7 8. a3 O-O 9. b4 a6 10. Nbd2 Be6 11. Ng5 Bd7 12. Nc4 h6 13. Nxd6 hxg5
14. Nxb7 Qc8 15. Nxc5 g4 16. Bg5 Re8 17. Qb3 Nd8 18. Be3 Ne6 19. Rfd1 Nxc5 20.
Bxc5 Be6 21. Qa4 Nc6 22. d4 Bc4 23. d5 Nb8 24. Bf1 Bxf1 25. Rxf1 Nd7 26. Be3
Nf6 27. Qb3 Nxe4 28. c4 Qf5 29. Rac1 Bf6 30. c5 Kg7 31. f3 Ng5 32. Bxg5 Bxg5
33. Rce1 gxf3 34. Rxf3 {Petrosian,T (2601)-Carlsen,M (2837) Riadh 2017 0-1}) 5.
d4 cxd4 6. Nxd4 d5 7. c3 Ne7 $146 ({Predecessor:} 7... Nf6 8. Bg5 O-O 9. Nd2
Qb6 10. Qb3 Nbd7 11. Bxf6 Bxf6 12. Qxb6 Nxb6 13. N4b3 Bd7 14. e3 Na4 15. Nd4
Rac8 16. Rac1 b6 17. Rfe1 Nc5 18. Bf1 e5 19. Nc2 Bf5 20. f3 Rfd8 21. g4 Bxc2
22. Rxc2 {1/2-1/2 (22) Boettcher,W-Voelschow,T (1516) Mecklenburg VP 2003}) 8.
Nd2 O-O 9. e4 Nbc6 10. exd5 Nxd4 11. cxd4 Bxd4 12. Nf3 Bc5 13. Bh6 Re8 14. Rc1
Bd6 15. dxe6 Bxe6 16. b3 Rb8 17. Bg5 Qd7 (17... Qb6) 18. Nd2 Bg4 19. Ne4 Be5
20. Qxd7 Bxd7 21. Nc5 Bc6 22. Rfe1 Bd6 (22... f6) 23. Bxc6 bxc6 24. Nd7 Rbc8
25. Nf6+ Kg7 26. Nxe8+ Rxe8 27. Bxe7 Bxe7 28. Rxc6 Kf8 29. Rc7 a5 30. Ra7 Bb4
31. Rxe8+ Kxe8 32. a3 Bc3 33. Rc7 Bf6 34. b4 Bd8 35. Rb7 Kf8 36. b5 a4 1-0

[Event "2018 PHCC"]
[Site "PORT HURON"]
[Date "2018.01.25"]
[Round "3"]
[White "Wingrove, William"]
[Black "Bedy, Noel"]
[Result "1-0"]
[WhiteElo "1579"]
[BlackElo "1504"]
[Annotator "Alan"]
[PlyCount "111"]
[EventDate "2018.??.??"]
[EventType "tourn"]
[EventRounds "7"]
[EventCountry "USA"]

1. e4 e5 2. Nf3 Nc6 3. Bb5 a6 4. Ba4 Nf6 5. O-O Nxe4 6. Re1 Nc5 7. Bxc6 dxc6 8.
Nxe5 Ne6 ({Relevant:} 8... Be7 9. d4 Ne6 10. Be3 O-O 11. c4 Re8 12. Nc3 f6 13.
Nf3 Nf8 14. Qc2 Bg4 15. Nd2 Qd7 16. Nde4 b6 17. f3 Bf5 18. Rad1 Rad8 19. Qf2
Bb4 20. a3 Bxc3 21. Nxc3 Ng6 22. Qg3 Bc2 23. Rd2 Bb3 24. c5 Qf7 25. cxb6 cxb6
26. Ne4 Qd7 27. h4 Kh8 28. h5 Ne7 29. h6 Nf5 30. hxg7+ Qxg7 31. Qxg7+ Kxg7 32.
Bf2 Bd5 33. Rc1 Nd6 34. Nxd6 Rxd6 35. Re1 Rde6 {1/2-1/2 (35) Kosteniuk,A (2555)
-Muzychuk,A (2558) Doha 2016}) 9. Nc3 Be7 10. d3 O-O 11. Qf3 Nd4 12. Qd1 Bd6
13. h3 $2 $146 ({Predecessor:} 13. Nc4 Be7 14. Bf4 b5 15. Ne3 Bd6 16. Bg3 f5
17. f4 Qf6 18. Qh5 Bd7 19. Ncd1 Be8 20. Qh3 Qg6 21. a4 Bd7 22. axb5 cxb5 23.
Nc3 Bc6 24. Ne2 Ne6 25. d4 Be4 26. d5 Bc5 27. Nc3 Nd4 28. Nxe4 fxe4 29. Kh1
Rae8 30. c3 Nf5 31. Bf2 Bxe3 32. Bxe3 Qd6 33. b4 Qxd5 34. Rxa6 Qd3 35. Bc5 Qxh3
36. gxh3 Rf6 37. Ra7 c6 38. Kg2 Rg6+ 39. Kf2 Rh6 40. Kg2 Rg6+ 41. Kf2 Rh6 42.
Kg2 Rh4 {Repkova,E (2295)-Voiska,M (2325) Chrudim 1994 0-1}) 13... Re8 14. Nf3
Nxf3+ 15. gxf3 Bxh3 16. Ne4 Be7 (16... Re6 {with big advantage}) 17. f4 Qd7 18.
Qf3 Qg4+ 19. Qxg4 Bxg4 20. Bd2 f5 21. Ng3 Bc5 22. Kg2 g6 23. f3 Bh5 24. Nxh5 {
? the bishop is out of play} (24. Bc3 $11) 24... gxh5 25. c3 Kf7 26. d4 Bd6 27.
Kf2 Re7 28. Rxe7+ Bxe7 29. Rh1 h4 30. Kf1 Rg8 31. Be1 Rg6 32. Rg1 Bd6 33. Bd2
Rxg1+ 34. Kxg1 Kg6 35. Kf2 (35. Kg2) 35... b5 36. Ke3 h3 (36... Kf6 37. Kf2 Ke6
38. Kg2 Kd5 {with advantage}) 37. Kf2 a5 38. b3 Kf6 39. c4 Ke6 40. c5 (40. Kg3
a4 41. Kxh3 Be7 42. Be3 {better}) 40... Be7 41. Bxa5 Kd5 42. Bc3 Bf6 43. Kg3
Bxd4 44. Bxd4 Kxd4 45. Kxh3 Ke3 (45... Kxc5 46. Kh4) (45... b4 {winning easy}
46. Kh4 h6 47. Kh5 Ke3 48. Kxh6 Kxf3 49. Kg5 Ke4 50. Kh5 Kxf4) 46. a4 (46. Kh4
h6 47. a4 $11) 46... bxa4 47. bxa4 Kd4 48. Kh4 Kxc5 49. Kg5 Kb6 (49... Kb4 50.
Kxf5 c5 $11) 50. Kxf5 c5 51. Ke5 h5 52. f5 h4 53. f6 h3 54. f7 h2 55. f8=Q h1=Q
56. Qb8+ {Noel resigned now but after ka6 there is no clear win white is
better but with both kings in the open not sure there is a win} 1-0